Catálogo
 En Linea

Delicias arabes : (Registro nro. 29441)

Detalles MARC
000 -CABECERA
campo de control de longitud fija 00507nam a2200169 a 4500
001 - NÚMERO DE CONTROL
campo de control 000029949
005 - FECHA Y HORA DE LA ÚLTIMA TRANSACCIÓN
campo de control 20200930055931.0
008 - DATOS DE LONGITUD FIJA--INFORMACIÓN GENERAL
campo de control de longitud fija 110427s20uu dr ac 000 0 spa d
040 ## - FUENTE DE LA CATALOGACIÓN
Centro catalogador/agencia de origen DO-SdBNP
Lengua de catalogación spa
Centro/agencia transcriptor BNPHU
082 ## - NÚMERO DE LA CLASIFICACIÓN DECIMAL DEWEY
Número de clasificación xxx
Número de documento/Ítem M949d
049 ## - FONDOS LOCALES (OCLC)
Fondos de biblioteca BNPD
100 1# - ENTRADA PRINCIPAL--NOMBRE DE PERSONA
Nombre de persona Mufdy, Rosalba
9 (RLIN) 56692
245 10 - MENCIÓN DE TÍTULO
Título Delicias arabes :
Resto del título En español /
Mención de responsabilidad, etc. Rosalba Mufdy.
260 ## - PUBLICACIÓN, DISTRIBUCIÓN, ETC.
Lugar de publicación, distribución, etc. Santo Domingo :
Nombre del editor, distribuidor, etc. [s.n.],
Fecha de publicación, distribución, etc. [s.f.].
300 ## - DESCRIPCIÓN FÍSICA
Extensión 20 p. :
Otras características físicas il., retrs. ;
Dimensiones 28 cm.
590 ## - NOTA LOCAL (RLIN)
Nota local La biblioteca posee 3 ejemplares autografiados

No hay ítems disponibles.

Con tecnología Koha